| 000 | 00591nam a2200181Ia 4500 | ||
|---|---|---|---|
| 001 | 20731 | ||
| 005 | 20260306172827.0 | ||
| 008 | 260306t2022||||xx |||||||||||||| ||spa|| | ||
| 041 | _aESP | ||
| 082 |
_a343.7 _bS25 |
||
| 100 |
_aSanty Cabrera, Luiggi V., _eAUT |
||
| 245 | 0 |
_aPotestad sancionadora de la Contraloría General de la República por responsabilidad administrativa funcional : _bestudio de las infracciones administrativas contenidas en la Ley Nº 31288 |
|
| 260 | _c2022 | ||
| 300 |
_a143 páginas : _c24 cm. |
||
| 650 | _aGEN | ||
| 654 | _aCDE | ||
| 942 |
_cLIB _dJUS _fJUS _2ddc _n |
||
| 999 |
_c20731 _d20731 |
||